| 000 | 00492 a2200181 4500 | ||
|---|---|---|---|
| 001 | 065780 | ||
| 003 | OSt | ||
| 005 | 20210903154755.0 | ||
| 008 | |||
| 082 |
_a368 _bK12P |
||
| 100 | 1 | _aKaikini, A.N. | |
| 245 | 1 |
_aPersonal accisent, sickness & misc. insurances _cby A.N. Kaikini and R.D. Mishra |
|
| 260 |
_aMumbai _bInsurance Institute of India _c2009 |
||
| 300 | _a269p. | ||
| 690 | _aStatistics; insurance | ||
| 700 | _aMishra, R.D. | ||
| 942 |
_2ddc _cBK |
||
| 999 |
_c124 _d124 |
||